|
|
|
|
| LEADER |
03596nam a2200433 a 4500 |
| 001 |
EBC446693 |
| 003 |
MiAaPQ |
| 005 |
20200520144314.0 |
| 006 |
m o d | |
| 007 |
cr cn||||||||| |
| 008 |
090123s2009 enka sb 001 0 eng |
| 010 |
|
|
|z 2009002240
|
| 020 |
|
|
|z 9780415438988 (hardback)
|
| 020 |
|
|
|z 0415438985 (hardback)
|
| 020 |
|
|
|a 9780203874301 (electronic bk.)
|
| 020 |
|
|
|a 0203874307 (electronic bk.)
|
| 035 |
|
|
|a (MiAaPQ)EBC446693
|
| 035 |
|
|
|a (Au-PeEL)EBL446693
|
| 035 |
|
|
|a (CaPaEBR)ebr10326746
|
| 035 |
|
|
|a (CaONFJC)MIL225637
|
| 035 |
|
|
|a (OCoLC)747083643
|
| 040 |
|
|
|a MiAaPQ
|c MiAaPQ
|d MiAaPQ
|
| 050 |
|
4 |
|a HD30.28
|b .C6633 2009
|
| 082 |
0 |
4 |
|a 658.4/092
|2 22
|
| 245 |
0 |
0 |
|a Coopetition strategy
|h [electronic resource] :
|b theory, experiments and cases /
|c edited by Giovanni Battista Dagnino and Elena Rocco.
|
| 260 |
|
|
|a London ;
|a New York :
|b Routledge,
|c 2009.
|
| 300 |
|
|
|a xviii, 309 p. :
|b ill.
|
| 490 |
1 |
|
|a Routledge studies in global competition ;
|v 47
|
| 504 |
|
|
|a Includes bibliographical references and index.
|
| 505 |
0 |
|
|a Introduction-coopetition strategy : a "path recognition" investigation approach / Giovanni Battista Dagnino and Giovanna Padula -- Coopetition strategy : a new kind of interfirm dynamics for value creation / Giovanni Battista Dagnino -- Competitor analysis and interfirm coopetition : a two-step model to assess the rival's interest and commitment in a coopetitive agreement / Francesco Garraffo and Elena Rocco -- Intrafirm coopetition, knowledge creation and innovativeness / Paavo Ritala ... [et al.] -- Trust and coopetition : the strategic role of trust in interfirm coopetitive dynamics / Sandro Castaldo and Giovanni Battista Dagnino -- Globalization, coopetition strategy and the role of the state in the creation of new high-technology industries : the cases of Israel and Taiwan / Daniel Breznitz -- Coopetitive strategies for knowledge creation : managing university-industry relationships in biotechnology / Daniela Baglieri -- Coping with coopetition in knowledge-intensive multiparty alliances : two case studies / Maura Soekijad and Ruben van Wendel de Joode -- Emergent coopetitive and cooperative strategies in interorganizational relationships : empirical evidence from Australian and Italian operas / Marcello M. Mariani -- Coopetition and business model change : a case-based framework of coopetition-driven effects / Elena Bonel and Elena Rocco -- Bargaining in the European automotive industry : coopetitive models and laboratory experiments / Stefan Ricardo Girschik, Alessandro Rossi and Roman Boutellier -- Coopetitive strategies to limit the insurance fraud problem in Japan / Mahito Okura -- An experimental investigation of fairness and reciprocity as determinants of intraorganizational coopetition / Alessandro Rossi and Massimo Warglien -- Coordination and trust as prerequisites of coopetition : experimental evidence / Maria Giovanna Devetag -- Conclusion : converting a "liquid" word into a tangible word / Giovanni Battista Dagnino and Elena Rocco.
|
| 533 |
|
|
|a Electronic reproduction. Ann Arbor, MI : ProQuest, 2015. Available via World Wide Web. Access may be limited to ProQuest affiliated libraries.
|
| 650 |
|
0 |
|a Strategic planning.
|
| 650 |
|
0 |
|a Knowledge management.
|
| 655 |
|
4 |
|a Electronic books.
|
| 700 |
1 |
|
|a Dagnino, Giovanni Battista,
|d 1960-
|
| 700 |
1 |
|
|a Rocco, Elena.
|
| 710 |
2 |
|
|a ProQuest (Firm)
|
| 830 |
|
0 |
|a Studies in global competition ;
|v v. 47.
|
| 856 |
4 |
0 |
|u https://ebookcentral.proquest.com/lib/matrademy/detail.action?docID=446693
|z Click to View
|